[Event "ICS rated blitz match"]
[Site "207.99.83.229"]
[Date "1999.07.18"]
[Round "?"]
[White "Hossa"]
[Black "j724"]
[Result "1-0"]
[WhiteElo "2342"]
[BlackElo "2141"]
[PlyCount "103"]
[EventDate "1999.??.??"]

1. d4 Nf6 2. c4 c5 3. d5 d6 4. Nc3 g6 5. e4 Bg7 6. Bg5 O-O 7. f3 e6 8. Qd2 exd5
9. Nxd5 Nc6 10. O-O-O Nd4 11. Ne2 Nxe2+ 12. Bxe2 Be6 13. Nxf6+ Bxf6 14. h4 b5
15. Bxf6 Qxf6 16. Qxd6 Rfd8 17. Qxc5 bxc4 18. Qg5 Qxg5+ 19. hxg5 c3 20. bxc3
Bxa2 21. Rxd8+ Rxd8 22. Kc2 Be6 23. Ra1 Rd7 24. Ba6 Kf8 25. Bc8 Rc7 26. Bxe6
fxe6 27. Ra6 Ke7 28. f4 e5 29. fxe5 Rd7 30. Kb3 Rd2 31. Rxa7+ Ke6 32. g3 Kxe5
33. Re7+ Kd6 34. Rxh7 Rd3 35. Rh6 Rxg3 36. Rxg6+ Ke5 37. Rg8 Kxe4 38. Kb4 Kf5
39. c4 Rg1 40. Kb5 Rb1+ 41. Kc6 Rc1 42. c5 Rc2 43. Kd6 Rd2+ 44. Kc7 Rc2 45. c6
Rc1 46. g6 Kf6 47. Kb7 Rb1+ 48. Kc8 Rc1 49. c7 Rc2 50. Kb7 Rb2+ 51. Ka6 Ra2+
52. Kb5 {j724 resigns} 1-0

[Event "ICS rated blitz match"]
[Site "207.99.83.229"]
[Date "1999.07.18"]
[Round "?"]
[White "Hossa"]
[Black "pagoda"]
[Result "0-1"]
[WhiteElo "2350"]
[BlackElo "2046"]
[PlyCount "43"]
[EventDate "1999.??.??"]

1. d4 Nf6 2. c4 e6 3. Nc3 Bb4 4. Bg5 c5 5. e4 Qa5 6. Bxf6 Bxc3+ 7. Ke2 gxf6 8.
bxc3 Qxc3 9. dxc5 Qxc4+ 10. Kf3 Qxc5 11. Rc1 Qa3+ 12. Kg4 Nc6 13. Qc2 Rg8+ 14.
Kh4 Qf8 15. Qd2 Rg5 16. Qxg5 fxg5+ 17. Kh5 Qg7 18. f4 f5 19. fxg5 Qg6+ 20. Kh4
h6 21. Nh3 hxg5+ 22. Kg3 {Hossa resigns} 0-1

[Event "ICS rated blitz match"]
[Site "207.99.83.229"]
[Date "1999.07.18"]
[Round "?"]
[White "pagoda"]
[Black "Hossa"]
[Result "0-1"]
[WhiteElo "2073"]
[BlackElo "2323"]
[PlyCount "49"]
[EventDate "1999.??.??"]

1. e4 Nf6 2. Nc3 d6 3. d4 Nbd7 4. f4 Nb6 5. Nf3 d5 6. e5 Ne4 7. Nxe4 dxe4 8.
Ng5 Qd5 9. b3 Bf5 10. c4 Qd7 11. Be3 h6 12. Nh3 O-O-O 13. Nf2 e6 14. g4 Bb4+
15. Ke2 Nd5 16. Rc1 Bh7 17. Bg2 Nc3+ 18. Rxc3 Bxc3 19. Qc2 Bxd4 20. Rd1 c5 21.
b4 Qe7 22. b5 Bxe3 23. Kxe3 Rxd1 24. Qxd1 g5 25. Bf3 {pagoda resigns} 0-1

[Event "ICS rated blitz match"]
[Site "207.99.83.229"]
[Date "1999.07.18"]
[Round "?"]
[White "Hossa"]
[Black "pagoda"]
[Result "0-1"]
[WhiteElo "2329"]
[BlackElo "2067"]
[PlyCount "43"]
[EventDate "1999.??.??"]

1. d4 Nf6 2. c4 e6 3. Nc3 Bb4 4. Bg5 c5 5. e4 Qa5 6. Bxf6 Bxc3+ 7. Ke2 gxf6 8.
bxc3 Qxc3 9. dxc5 Qxc4+ 10. Kf3 Qxc5 11. Rc1 Qa3+ 12. Kg4 Nc6 13. Qc2 Rg8+ 14.
Kh4 Qf8 15. Qd2 Rg5 16. Qxg5 fxg5+ 17. Kh5 Qg7 18. f4 gxf4 19. Rc5 Ne5 20. Rxe5
Qxe5+ 21. Kg4 Qxe4 22. Nf3 {Hossa resigns} 0-1

[Event "ICS Rated blitz match"]
[Site "207.99.83.229"]
[Date "1999.07.18"]
[Round "?"]
[White "Hossa"]
[Black "pagoda"]
[Result "0-1"]
[WhiteElo "2312"]
[BlackElo "2125"]
[PlyCount "40"]
[EventDate "1999.??.??"]

1. d4 Nf6 2. c4 e6 3. Nc3 Bb4 4. Bg5 c5 5. e4 Qa5 6. Bxf6 Bxc3+ 7. Ke2 gxf6 8.
bxc3 Qxc3 9. dxc5 Qxc4+ 10. Kf3 Qxc5 11. Rc1 Qa3+ 12. Kg4 Nc6 13. Rc2 Rg8+ 14.
Kh4 Qf8 15. Nh3 Ne5 16. Qc1 Kd8 17. Qe3 Rg4+ 18. Kh5 Qg7 19. Qh6 Rh4+ 20. Kxh4
20... Qg4# {Hossa checkmated} 0-1

[Event "ICS rated blitz match"]
[Site "207.99.83.229"]
[Date "1999.07.18"]
[Round "?"]
[White "Hossa"]
[Black "pagoda"]
[Result "0-1"]
[WhiteElo "2298"]
[BlackElo "2139"]
[PlyCount "46"]
[EventDate "1999.??.??"]

1. d4 Nf6 2. c4 e6 3. Nc3 Bb4 4. Bg5 c5 5. e4 Qa5 6. Bxf6 Bxc3+ 7. Ke2 gxf6 8.
bxc3 Qxc3 9. dxc5 Qxc4+ 10. Kf3 Qxc5 11. Rc1 Qa3+ 12. Kf4 e5+ 13. Kg4 Nc6 14.
Kh5 Rg8 15. Qc2 Qf8 16. Qd2 Rg5+ 17. Qxg5 fxg5 18. f3 d5 19. exd5 f6 20. Bd3
Qf7+ 21. Kh6 Ne7 22. Rxc8+ Rxc8 23. Nh3 23... Ng8# {Hossa checkmated} 0-1

[Event "ICS rated blitz match"]
[Site "207.99.83.229"]
[Date "1999.07.18"]
[Round "?"]
[White "pagoda"]
[Black "Hossa"]
[Result "0-1"]
[WhiteElo "2162"]
[BlackElo "2275"]
[PlyCount "106"]
[EventDate "1999.??.??"]

1. e4 Nf6 2. Nc3 d6 3. d4 Nbd7 4. f4 Nb6 5. Nf3 d5 6. e5 Ne4 7. Nxe4 dxe4 8.
Ng5 Qd5 9. b3 Bf5 10. c4 Qd7 11. Be3 h6 12. Nh3 O-O-O 13. Qd2 g5 14. fxg5 Bxh3
15. gxh3 hxg5 16. O-O-O f6 17. exf6 exf6 18. Bg2 Ba3+ 19. Kb1 Qe7 20. Rhf1 Rhg8
21. Qe2 Kb8 22. Rf5 Rde8 23. Rdf1 Nd7 24. Qc2 Rh8 25. Re1 Bb4 26. Bd2 Rh4 27.
Re2 Qe6 28. Rb5 Bxd2 29. Qxd2 Nb6 30. a4 Rf4 31. a5 Nd7 32. Qb4 Qc6 33. d5 Qa6
34. Kb2 f5 35. Qc3 Ne5 36. Ka2 Qg6 37. Qb4 Nd3 38. Rxb7+ Ka8 39. Qb5 a6 40. Qc6
Nc1+ 41. Kb1 Qxc6 42. dxc6 Nxe2 43. Kb2 Rf2 44. Ka3 Rxg2 45. Ka4 Re7 46. Kb4
Rxh2 47. Kc5 Rxh3 48. Kd5 f4 49. Kc5 f3 50. Kb4 f2 51. Kc5 f1=Q 52. Kb4 Qe1+
53. Kc5 53... Re5# {pagoda checkmated} 0-1

[Event "ICS rated blitz match"]
[Site "207.99.83.229"]
[Date "1999.07.18"]
[Round "?"]
[White "efaddin"]
[Black "Hossa"]
[Result "0-1"]
[WhiteElo "2184"]
[BlackElo "2264"]
[PlyCount "176"]
[EventDate "1999.??.??"]

1. e4 Nf6 2. e5 Nd5 3. g3 d6 4. exd6 Qxd6 5. Bg2 e5 6. Nc3 Nxc3 7. bxc3 Be7 8.
Nf3 O-O 9. O-O Nc6 10. Re1 Qc5 11. Rb1 Bf6 12. Qe2 Qd5 13. c4 Qe6 14. d3 Re8
15. Nd2 Nd4 16. Qd1 Rb8 17. c3 Nf5 18. d4 Nd6 19. c5 Nf5 20. d5 Qa6 21. Ne4 Be7
22. c6 Qxa2 23. Bg5 Bxg5 24. Nxg5 h6 25. Nf3 e4 26. Nd4 Qxd5 27. Nxf5 Qxd1 28.
Nxh6+ gxh6 29. Rexd1 b6 30. Rb4 f5 31. Rbd4 e3 32. fxe3 Rxe3 33. Rd8+ Kg7 34.
Bd5 Rxc3 35. Rg8+ Kf6 36. Re1 h5 37. Rf8+ Kg5 38. Rg8+ Kh6 39. Ree8 Rc1+ 40.
Kg2 Rc5 41. Bf3 Rc2+ 42. Kg1 Rc1+ 43. Kg2 Rc2+ 44. Kh3 Rc3 45. Bg2 f4+ 46. Rxc8
Rxc8 47. Rxc8 f3 48. Bxf3 Rxf3 49. Rxc7 Rc3 50. Rc8 Rc4 51. c7 Kg7 52. Kg2 a5
53. Rb8 Rxc7 54. Rxb6 Rc2+ 55. Kh3 a4 56. Ra6 Rc4 57. Kg2 Kf7 58. h3 Rd4 59.
Kf3 h4 60. gxh4 Rxh4 61. Kg3 Rc4 62. h4 Rc3+ 63. Kg4 a3 64. Kg5 Rg3+ 65. Kh6
Ke7 66. h5 Kf7 67. Kh7 Rg7+ 68. Kh6 Rg3 69. Ra7+ Ke6 70. Kh7 Rh3 71. h6 Kd5 72.
Kg7 Kc5 73. h7 Kb4 74. Rb7+ Ka5 75. h8=Q Rxh8 76. Kxh8 Ka4 77. Kg7 a2 78. Kf6
a1=Q+ 79. Ke6 Qe1+ 80. Kd6 Qg3+ 81. Kc6 Qf3+ 82. Kb6 Qd5 83. Ka7 Ka5 84. Kb8
Ka6 85. Ra7+ Kb6 86. Rc7 Qd6 87. Ka8 Kxc7 88. Ka7 88... Qa3# {
efaddin checkmated} 0-1

[Event "ICS rated blitz match"]
[Site "207.99.83.229"]
[Date "1999.07.18"]
[Round "?"]
[White "Hossa"]
[Black "efaddin"]
[Result "1-0"]
[WhiteElo "2276"]
[BlackElo "2172"]
[PlyCount "83"]
[EventDate "1999.??.??"]

1. d4 Nf6 2. c4 e6 3. Nc3 Bb4 4. Bg5 h6 5. Bh4 c5 6. d5 Bxc3+ 7. bxc3 d6 8.
Qa4+ Bd7 9. Qb3 b6 10. O-O-O e5 11. e4 O-O 12. Ne2 Qe8 13. Qb1 Nh7 14. Rd3 f5
15. h3 fxe4 16. Rg3 Bf5 17. Re3 Qa4 18. Be7 Qxc4 19. Ng3 Qxd5 20. Bxf8 Bg6 21.
Be7 Qe6 22. Bh4 d5 23. Qb3 c4 24. Qd1 Nc6 25. Be2 d4 26. Qf1 d3 27. Bg4 Qd6 28.
Kb1 b5 29. Nxe4 Bxe4 30. Rxe4 Rb8 31. Ka1 Qa3 32. Qe1 g5 33. Be6+ Kg7 34. Bg3
b4 35. Rxc4 bxc3 36. Qxc3 Qxc3+ 37. Rxc3 Nd4 38. Bxe5+ Kg6 39. Bc4 Nc2+ 40.
Rxc2 dxc2 41. Bd3+ Kf7 42. Bxb8 {efaddin resigns} 1-0

[Event "ICS rated blitz match"]
[Site "207.99.83.229"]
[Date "1999.07.18"]
[Round "?"]
[White "efaddin"]
[Black "Hossa"]
[Result "0-1"]
[WhiteElo "2161"]
[BlackElo "2287"]
[PlyCount "96"]
[EventDate "1999.??.??"]

1. e4 Nf6 2. e5 Nd5 3. g3 d6 4. exd6 Qxd6 5. Bg2 e5 6. Nc3 Nxc3 7. bxc3 Be7 8.
Nf3 O-O 9. O-O Nc6 10. Rb1 e4 11. Nd4 Nxd4 12. cxd4 Qxd4 13. Bb2 Qd5 14. d3 f5
15. dxe4 Qxd1 16. Rbxd1 fxe4 17. Bxe4 c6 18. Rfe1 Bb4 19. Re3 Bc5 20. Rf3 Be6
21. a4 Bg4 22. Rxf8+ Rxf8 23. Rd2 Re8 24. Bd3 Bf3 25. Bc4+ Kf8 26. Bf1 Re7 27.
Rd3 Rf7 28. Rd8+ Ke7 29. Rb8 Kd6 30. Bc1 Kc7 31. Rh8 Bd1 32. Bf4+ Rxf4 33. gxf4
Bxc2 34. a5 b6 35. axb6+ axb6 36. Bh3 Bd4 37. f5 h6 38. Kf1 Bd3+ 39. Ke1 b5 40.
f4 c5 41. Kd2 c4 42. Rf8 b4 43. Bg4 b3 44. Rf7+ Kb6 45. Bf3 b2 46. Rb7+ Kc5 47.
Be2 b1=Q 48. Rxb1 48... Bxb1 {efaddin resigns} 0-1

[Event "ICS rated blitz match"]
[Site "207.99.83.229"]
[Date "1999.07.18"]
[Round "?"]
[White "Hossa"]
[Black "efaddin"]
[Result "1-0"]
[WhiteElo "2297"]
[BlackElo "2151"]
[PlyCount "24"]
[EventDate "1999.??.??"]

1. d4 e6 2. c4 f5 3. Nc3 Nf6 4. e3 Bb4 5. Bd3 b6 6. Nge2 Bb7 7. a3 Bxc3+ 8.
Nxc3 O-O 9. O-O Ne4 10. Bxe4 fxe4 11. Qg4 Rf5 12. d5 12... exd5 {
efaddin resigns} 1-0

[Event "ICS Rated blitz match"]
[Site "207.99.83.229"]
[Date "1999.07.18"]
[Round "?"]
[White "matar"]
[Black "Hossa"]
[Result "1-0"]
[WhiteElo "2333"]
[BlackElo "2307"]
[PlyCount "60"]
[EventDate "1999.??.??"]

1. e4 Nf6 2. e5 Nd5 3. c4 Nb6 4. c5 Nd5 5. Nc3 Nxc3 6. dxc3 Nc6 7. Nf3 g6 8.
Bf4 Bg7 9. Qd2 f6 10. exf6 Bxf6 11. O-O-O b6 12. h4 bxc5 13. h5 e5 14. Be3 e4
15. Ng5 Qe7 16. hxg6 hxg6 17. Rxh8+ Bxh8 18. Qd5 Kf8 19. Bc4 Qe8 20. Rh1 Bxc3
21. bxc3 Ne5 22. Qg8+ Ke7 23. Qg7+ Kd6 24. Qf6+ Qe6 25. Bxe6 Nd3+ 26. Kd2 dxe6
27. Nxe4+ Kd5 28. Nxc5 Nxf2 29. Bxf2 Rb8 30. Qd4+ 30... Kc6 {Hossa resigns} 1-0

[Event "ICS rated blitz match"]
[Site "207.99.83.229"]
[Date "1999.07.18"]
[Round "?"]
[White "Hossa"]
[Black "MiddleHead"]
[Result "1-0"]
[WhiteElo "2292"]
[BlackElo "2199"]
[PlyCount "69"]
[EventDate "1999.??.??"]

1. d4 d6 2. c4 Nf6 3. Nc3 g6 4. e4 Bg7 5. f3 O-O 6. Bg5 c6 7. Qd2 e5 8. O-O-O
Nbd7 9. dxe5 dxe5 10. Bh6 a6 11. Nge2 b5 12. Bxg7 Kxg7 13. g4 Qa5 14. g5 Nh5
15. Qd6 b4 16. Qxc6 Rb8 17. Na4 Nb6 18. Nxb6 Rxb6 19. Qc7 b3 20. axb3 Be6 21.
Rd6 Qa1+ 22. Kc2 Rb4 23. Rd1 Qa2 24. Nc1 Qa1 25. Nd3 Rxc4+ 26. bxc4 Qa2 27.
Nxe5 Rc8 28. Qe7 a5 29. Rd6 Nf4 30. Qf6+ Kg8 31. Rd8+ Rxd8 32. Qxd8+ Kg7 33.
Qf6+ Kg8 34. Qxf4 Qa4+ 35. Kb1 {MiddleHead resigns} 1-0

[Event "ICS rated blitz match"]
[Site "207.99.83.229"]
[Date "1999.07.18"]
[Round "?"]
[White "efaddin"]
[Black "Hossa"]
[Result "0-1"]
[WhiteElo "2146"]
[BlackElo "2304"]
[PlyCount "20"]
[EventDate "1999.??.??"]

1. d4 d5 2. e3 Bf5 3. c4 Nf6 4. Nc3 Nc6 5. Qb3 e6 6. a3 Rb8 7. Nf3 Be7 8. Ne5
O-O 9. c5 Nxe5 10. dxe5 10... Nd7 {efaddin resigns} 0-1

[Event "ICS rated blitz match"]
[Site "207.99.83.229"]
[Date "1999.07.18"]
[Round "?"]
[White "ESTRIPADOR"]
[Black "Hossa"]
[Result "0-1"]
[WhiteElo "2076"]
[BlackElo "2320"]
[PlyCount "104"]
[EventDate "1999.??.??"]

1. e3 Nc6 2. d3 Nf6 3. g3 e5 4. Bg2 d5 5. Ne2 Bb4+ 6. c3 Bd6 7. O-O e4 8. d4
O-O 9. Nd2 Qe7 10. a3 Bg4 11. c4 dxc4 12. Nxc4 Rae8 13. Qc2 Bf3 14. b4 Bxg2 15.
Kxg2 Qe6 16. Nxd6 cxd6 17. Nf4 Qg4 18. Qe2 Qxe2 19. Nxe2 Rc8 20. Bd2 Rc7 21. b5
Ne7 22. Bb4 Nf5 23. Rac1 Rfc8 24. Ba5 Rc2 25. Nc3 Nxe3+ 26. Kg1 Rxc1 27. Rxc1
Nf5 28. d5 b6 29. Bb4 Nxd5 30. g4 Nd4 31. Nxd5 Rxc1+ 32. Kg2 Nxb5 33. a4 a5 34.
axb5 axb4 35. Nxb4 Rc5 36. Nc6 Rxb5 37. Ne7+ Kf8 38. Nc8 d5 39. Nd6 Rc5 40. Nb7
Rc2 41. Kg3 Ke7 42. g5 Rc7 43. Nd6 Kxd6 44. g6 Rc3+ 45. Kf4 Rf3+ 46. Kg4 hxg6
47. h4 f6 48. h5 gxh5+ 49. Kh4 Ke5 50. Kxh5 Kf5 51. Kh4 b5 52. Kh5 52... Rh3# {
ESTRIPADOR checkmated} 0-1

[Event "ICS rated blitz match"]
[Site "207.99.83.229"]
[Date "1999.07.18"]
[Round "?"]
[White "TDChess"]
[Black "Hossa"]
[Result "1-0"]
[WhiteElo "2524"]
[BlackElo "2326"]
[PlyCount "119"]
[EventDate "1999.??.??"]

1. e4 Nf6 2. e5 Nd5 3. c4 Nb6 4. c5 Nd5 5. Nf3 d6 6. d4 dxc5 7. dxc5 e6 8. Qc2
Nc6 9. a3 Qe7 10. b4 a5 11. Qa4 Bd7 12. Bb5 Qd8 13. Bxc6 Bxc6 14. b5 Bd7 15. c6
bxc6 16. bxc6 Bc8 17. O-O Be7 18. Qg4 O-O 19. Bh6 Bf6 20. Nbd2 Bxe5 21. Nxe5
Qf6 22. Bxg7 Qxg7 23. Qxg7+ Kxg7 24. Rfe1 f6 25. Nd7 Bxd7 26. cxd7 Rfd8 27.
Rxe6 Rxd7 28. Rae1 Rb8 29. Nc4 a4 30. Ra6 Nc3 31. g3 c5 32. Rc6 Rd5 33. Re7+
Kg6 34. Ne5+ Rxe5 35. Rxe5 Rb3 36. Ree6 Rxa3 37. Rxf6+ Kg7 38. Rf5 Ra2 39.
Rfxc5 Ne4 40. Ra5 Nf6 41. Ra7+ Kg6 42. Raa6 Kg7 43. Rxf6 Re2 44. Rfc6 Re7 45.
Rxa4 Kh8 46. Rg4 Re8 47. Rc7 Rg8 48. Ra4 Re8 49. Rh4 Kg8 50. Kf1 h5 51. Rxh5
Rb8 52. Re5 Rd8 53. h4 Ra8 54. h5 Rb8 55. h6 Rd8 56. Ree7 Ra8 57. Rg7+ Kh8 58.
Rh7+ Kg8 59. Rcg7+ Kf8 60. Rh8# {Hossa checkmated} 1-0

[Event "ICS rated blitz match"]
[Site "207.99.83.229"]
[Date "1999.07.18"]
[Round "?"]
[White "Hossa"]
[Black "TDChess"]
[Result "1-0"]
[WhiteElo "2332"]
[BlackElo "2532"]
[PlyCount "111"]
[EventDate "1999.??.??"]

1. d4 Nf6 2. c4 e6 3. Nc3 d5 4. cxd5 exd5 5. Bf4 Bd6 6. Bxd6 Qxd6 7. e3 O-O 8.
Bd3 Bg4 9. Nge2 Nc6 10. f3 Bd7 11. O-O Nb4 12. e4 Qb6 13. e5 Nh5 14. a3 Nxd3
15. Qxd3 Be6 16. g4 f6 17. gxh5 fxe5 18. h6 exd4 19. Na4 Qd6 20. hxg7 Rf7 21.
Qxd4 b5 22. Nac3 Rxg7+ 23. Kh1 c5 24. Qf6 Rf8 25. Qh6 Rg6 26. Rg1 Bd7 27. Raf1
b4 28. Rxg6+ hxg6 29. axb4 cxb4 30. Nxd5 Bb5 31. Rg1 Be8 32. Nef4 Rxf4 33. Nxf4
Qc6 34. Rxg6+ Bxg6 35. Qxg6+ Qxg6 36. Nxg6 Kg7 37. Ne7 b3 38. Nc6 a6 39. Kg2
Kf6 40. Kg3 Ke6 41. Kg4 Kf6 42. h4 Kg6 43. h5+ Kf6 44. f4 a5 45. Nxa5 Kf7 46.
f5 Ke7 47. Kg5 Kd6 48. h6 Kc5 49. Nxb3+ Kb4 50. h7 Kb5 51. h8=Q Kc6 52. f6 Kd5
53. Qa8+ Kc4 54. Qf3 Kb4 55. Qd5 Ka4 56. Qc4# {TDChess checkmated} 1-0

[Event "ICS rated blitz match"]
[Site "207.99.83.229"]
[Date "1999.07.18"]
[Round "?"]
[White "Hossa"]
[Black "matar"]
[Result "0-1"]
[WhiteElo "2356"]
[BlackElo "2348"]
[PlyCount "103"]
[EventDate "1999.??.??"]

1. d4 d5 2. c4 e6 3. Nc3 c6 4. Bg5 Qxg5 5. e3 Qd8 6. Bd3 Nf6 7. cxd5 exd5 8.
Nf3 Bg4 9. Qb3 Qb6 10. Qxb6 axb6 11. Ne5 Bh5 12. Bf5 Nbd7 13. Nxd7 Nxd7 14. g4
Bg6 15. Bxd7+ Kxd7 16. O-O Bb4 17. Rfc1 b5 18. Ne2 Ra4 19. a3 Rha8 20. h4 Be4
21. Ng3 Bd3 22. Rd1 Bc4 23. Rab1 Bd6 24. b3 Rxa3 25. bxc4 Bxg3 26. fxg3 dxc4
27. Rf1 f6 28. Kf2 Rd3 29. Rfe1 Ra2+ 30. Kf3 Kd6 31. g5 f5 32. h5 g6 33. hxg6
hxg6 34. g4 fxg4+ 35. Kxg4 Rf2 36. Rbd1 Rxd1 37. Rxd1 b4 38. e4 b3 39. Kg3 Ra2
40. Rc1 b2 41. Rf1 c3 42. e5+ Kd5 43. e6 Kxe6 44. Re1+ Kd5 45. Kf4 c2 46. Kf3
c1=Q 47. Re5+ Kxd4 48. Re4+ Kd3 49. Re5 Qf1+ 50. Kg3 b1=Q 51. Re2 Qxe2 52. Kf4
{Hossa resigns} 0-1

[Event "ICS rated blitz match"]
[Site "207.99.83.229"]
[Date "1999.07.18"]
[Round "?"]
[White "matar"]
[Black "Hossa"]
[Result "1-0"]
[WhiteElo "2364"]
[BlackElo "2340"]
[PlyCount "72"]
[EventDate "1999.??.??"]

1. e4 Nf6 2. e5 Nd5 3. c4 Nb6 4. c5 Nd5 5. Nc3 Nxc3 6. dxc3 Nc6 7. Nf3 g6 8.
Bf4 Bg7 9. Qd2 f6 10. exf6 Bxf6 11. O-O-O b6 12. h4 bxc5 13. h5 e5 14. Be3 e4
15. Ng5 Qe7 16. hxg6 hxg6 17. Rxh8+ Bxh8 18. Qd5 Be5 19. Be2 Qg7 20. Nxe4 c4
21. f4 Qh6 22. Bxc4 Rb8 23. Bd2 Qg7 24. fxe5 Nxe5 25. Bb3 Bb7 26. Qd4 Bxe4 27.
Qxe4 Kd8 28. Bf4 Nf7 29. Qd5 Nd6 30. Bxd6 cxd6 31. Qxd6 Rb6 32. Qd4 Qe7 33. Bd5
g5 34. Qd2 Kc7 35. Re1 Qd8 36. Qd4 36... Qf6 {Hossa resigns} 1-0

[Event "ICS rated blitz match"]
[Site "207.99.83.229"]
[Date "1999.07.18"]
[Round "?"]
[White "Hossa"]
[Black "matar"]
[Result "1-0"]
[WhiteElo "2325"]
[BlackElo "2379"]
[PlyCount "65"]
[EventDate "1999.??.??"]

1. d4 d5 2. c4 e6 3. Nc3 c6 4. Bg5 Qxg5 5. e3 Qd8 6. Bd3 Nf6 7. cxd5 exd5 8.
Nf3 Bg4 9. Qb3 Qb6 10. Qxb6 axb6 11. Ne5 Nbd7 12. Nxg4 Nxg4 13. Bf5 Ngf6 14.
O-O g6 15. Bh3 Bb4 16. a3 Bxc3 17. bxc3 b5 18. f3 O-O 19. e4 Nb6 20. e5 Nh5 21.
f4 Nc4 22. f5 Rxa3 23. Rxa3 Nxa3 24. f6 g5 25. g3 Nc4 26. Re1 Ra8 27. Bg4 Ra3
28. Bxh5 Rxc3 29. e6 fxe6 30. Rxe6 Re3 31. Re8+ Rxe8 32. f7+ Kg7 33. fxe8=Q {
matar resigns} 1-0

[Event "ICS rated blitz match"]
[Site "207.99.83.229"]
[Date "1999.07.18"]
[Round "?"]
[White "matar"]
[Black "Hossa"]
[Result "1-0"]
[WhiteElo "2361"]
[BlackElo "2343"]
[PlyCount "129"]
[EventDate "1999.??.??"]

1. e4 Nf6 2. e5 Nd5 3. c4 Nb6 4. c5 Nd5 5. Nc3 Nxc3 6. dxc3 Nc6 7. Nf3 g6 8.
Bf4 Bg7 9. Qd2 f6 10. exf6 Bxf6 11. O-O-O b6 12. h4 bxc5 13. h5 e5 14. Be3 e4
15. Ng5 Qe7 16. hxg6 hxg6 17. Rxh8+ Bxh8 18. Qd5 Be5 19. Nxe4 Qf7 20. Qxf7+
Kxf7 21. Bc4+ Ke8 22. Bxc5 d6 23. Be3 Ne7 24. f4 Nf5 25. Bb5+ Kf8 26. Bd2 Rb8
27. Bd3 Bg7 28. g4 Nh6 29. g5 Ng4 30. Bc2 Bf5 31. Rg1 Nh2 32. Ng3 Bxc2 33. Kxc2
Nf3 34. Rd1 c6 35. Be3 Re8 36. Bxa7 Re7 37. Bf2 Re6 38. Rd3 Nh4 39. Bd4 Bxd4
40. Rxd4 Re3 41. Rd3 Re6 42. a4 Ke7 43. a5 Ng2 44. f5 Ne3+ 45. Kb3 Nxf5 46.
Nxf5+ gxf5 47. a6 Kd7 48. a7 Re8 49. g6 Rg8 50. g7 Ke6 51. Rh3 Ra8 52. Rh8 Rxa7
53. g8=Q+ Ke5 54. Rh5 Rb7+ 55. Kc2 Rb5 56. Qg3+ Ke4 57. Rh4+ Kd5 58. Rd4+ Kc5
59. Qxd6+ Kb6 60. c4 Rc5 61. b4 Rxc4+ 62. Rxc4 Kb7 63. Rxc6 Ka7 64. Qd7+ Kb8
65. Rc8# {Hossa checkmated} 1-0

[Event "ICS rated blitz match"]
[Site "207.99.83.229"]
[Date "1999.07.18"]
[Round "?"]
[White "Hossa"]
[Black "matar"]
[Result "0-1"]
[WhiteElo "2328"]
[BlackElo "2376"]
[PlyCount "71"]
[EventDate "1999.??.??"]

1. d4 d5 2. c4 e6 3. Nc3 c6 4. Bg5 Qxg5 5. e3 Qd8 6. Bd3 Nf6 7. cxd5 exd5 8.
Nf3 Bg4 9. Qb3 Qb6 10. Qxb6 axb6 11. Ne5 Bh5 12. Bf5 Nbd7 13. Nxd7 Nxd7 14. g4
Bg6 15. Bxg6 hxg6 16. O-O Bb4 17. Ne2 Nf6 18. g5 Ne4 19. a3 Bd6 20. f4 Kd7 21.
Kg2 b5 22. Rfe1 b4 23. a4 f6 24. gxf6 gxf6 25. Rec1 g5 26. h3 gxf4 27. Nxf4
Rag8+ 28. Kf3 Nd2+ 29. Kf2 Nb3 30. Kf3 Nxa1 31. Rxa1 Bxf4 32. Kxf4 Rxh3 33. Re1
Rgg3 34. Kf5 Ke7 35. Kf4 Ke6 36. e4 {Hossa resigns} 0-1

[Event "ICS rated blitz match"]
[Site "207.99.83.229"]
[Date "1999.07.18"]
[Round "?"]
[White "matar"]
[Black "Hossa"]
[Result "1/2-1/2"]
[WhiteElo "2390"]
[BlackElo "2314"]
[PlyCount "64"]
[EventDate "1999.??.??"]

1. e4 Nf6 2. e5 Nd5 3. c4 Nb6 4. c5 Nd5 5. Nc3 Nxc3 6. dxc3 Nc6 7. Nf3 g6 8.
Bf4 Bg7 9. Qd2 f6 10. exf6 Bxf6 11. O-O-O b6 12. h4 bxc5 13. h5 e5 14. Be3 e4
15. Ng5 Qe7 16. hxg6 hxg6 17. Rxh8+ Bxh8 18. Qd5 Be5 19. Qg8+ Qf8 20. Qxg6+ Ke7
21. Bxc5+ d6 22. Be3 Bf5 23. Qh5 Rb8 24. g4 Qg8 25. gxf5 Qxa2 26. f6+ Bxf6 27.
Qh7+ Kf8 28. Qh6+ Ke7 29. Qh7+ Kf8 30. Qh6+ Ke7 31. Qh7+ Kf8 32. Qh6+ 32... Ke7
{Game drawn by repetition} 1/2-1/2

[Event "ICS rated blitz match"]
[Site "207.99.83.229"]
[Date "1999.07.18"]
[Round "?"]
[White "Hossa"]
[Black "matar"]
[Result "1-0"]
[WhiteElo "2317"]
[BlackElo "2387"]
[PlyCount "133"]
[EventDate "1999.??.??"]

1. d4 d5 2. c4 e6 3. Nc3 c6 4. Bg5 Qxg5 5. e3 Qd8 6. Bd3 Nf6 7. cxd5 exd5 8.
Nf3 Bg4 9. Qb3 Qb6 10. Qxb6 axb6 11. Ne5 Bh5 12. Bf5 Nbd7 13. Nxd7 Nxd7 14. g4
Bg6 15. Bxg6 hxg6 16. O-O Bb4 17. Ne2 Nf6 18. g5 Ne4 19. a3 Bd2 20. Rad1 Nxg5
21. Kg2 Ne4 22. f3 Bxe3 23. Rd3 Bg5 24. fxe4 dxe4 25. Rg3 Bh6 26. Rg4 e3 27.
Re4+ Kf8 28. Nf4 Bxf4 29. Rfxf4 Re8 30. Rxe8+ Kxe8 31. h3 Kd7 32. Rxf7+ Kd6 33.
Rxg7 Re8 34. Kf1 Kd5 35. Rxb7 b5 36. Rd7+ Kc4 37. Rd6 Kd3 38. d5 c5 39. Rxg6 b4
40. axb4 cxb4 41. d6 Ra8 42. Re6 Ra1+ 43. Kg2 Ke2 44. Kg3 Rd1 45. Kf4 Rd3 46.
d7 Rd4+ 47. Re4 Rxd7 48. Rxe3+ Kd2 49. Rg3 Rh7 50. Rg2+ Kd3 51. Rh2 b3 52. Kg5
Rg7+ 53. Kh4 Rh7+ 54. Kg4 Ke4 55. h4 Rg7+ 56. Kh5 Kf5 57. Rf2+ Ke6 58. Rf3 Rb7
59. Kg6 Rb4 60. h5 Rg4+ 61. Kh7 Rb4 62. h6 Rb7+ 63. Kg6 Rb4 64. h7 Rh4 65. Rf8
Rg4+ 66. Kh5 Rg1 67. Rf4 {matar resigns} 1-0

[Event "ICS Rated blitz match"]
[Site "207.99.83.229"]
[Date "1999.07.18"]
[Round "?"]
[White "matar"]
[Black "Hossa"]
[Result "1-0"]
[WhiteElo "2368"]
[BlackElo "2336"]
[PlyCount "62"]
[EventDate "1999.??.??"]

1. e4 Nf6 2. e5 Nd5 3. c4 Nb6 4. c5 Nd5 5. Nc3 Nxc3 6. dxc3 Nc6 7. Nf3 g6 8.
Bf4 Bg7 9. Qd2 f6 10. exf6 Bxf6 11. O-O-O b6 12. h4 bxc5 13. h5 e5 14. Be3 e4
15. Ng5 Qe7 16. hxg6 hxg6 17. Rxh8+ Bxh8 18. Qd5 Be5 19. Qg8+ Qf8 20. Qxg6+ Ke7
21. Bc4 Qg7 22. Qxe4 Bb7 23. f4 Na5 24. Bd5 Rf8 25. Bxb7 Nxb7 26. fxe5 c6 27.
Rh1 Kd8 28. e6 Kc8 29. exd7+ Qxd7 30. Rd1 Qe8 31. Qxe8+ 31... Rxe8 {
Hossa resigns} 1-0

[Event "ICS Rated blitz match"]
[Site "207.99.83.229"]
[Date "1999.07.19"]
[Round "?"]
[White "Hossa"]
[Black "matar"]
[Result "1/2-1/2"]
[WhiteElo "2321"]
[BlackElo "2383"]
[PlyCount "131"]
[EventDate "1999.??.??"]

1. d4 d5 2. c4 e6 3. Nc3 c6 4. Bg5 Qxg5 5. e3 Qd8 6. Bd3 Nf6 7. cxd5 exd5 8.
Nf3 Bg4 9. Qb3 Qb6 10. Qxb6 axb6 11. Ne5 Bh5 12. Bf5 Nbd7 13. Nxd7 Nxd7 14. g4
Bg6 15. Bxg6 hxg6 16. O-O Bb4 17. Ne2 g5 18. f3 Nf6 19. Rf2 Bd2 20. Ng3 Bb4 21.
Ne2 Kd7 22. Ng3 g6 23. e4 Kc7 24. e5 Nd7 25. f4 gxf4 26. Rxf4 Raf8 27. Raf1 Bd2
28. R4f3 Kd8 29. Kh1 Ke7 30. Rd1 Bg5 31. Re1 Re8 32. Ref1 Rh7 33. Kg1 Nf8 34.
Rb3 b5 35. a4 Ne6 36. Rd1 Nc7 37. Rf1 Ra8 38. axb5 Nxb5 39. Ne2 Ra4 40. Rd1 Rh4
41. h3 Rh8 42. Rf3 Rha8 43. Kg2 Ra1 44. Rxa1 Rxa1 45. Rd3 Rb1 46. b3 Rb2 47.
Kf3 Rd2 48. Rxd2 Bxd2 49. h4 b6 50. h5 gxh5 51. gxh5 c5 52. dxc5 bxc5 53. Kg4
Nd4 54. Nf4 Bxf4 55. Kxf4 Ne6+ 56. Kg4 Nf8 57. Kf5 c4 58. bxc4 dxc4 59. Ke4 Ke6
60. Kd4 c3 61. Kxc3 Kxe5 62. Kc4 Kf5 63. Kd4 Kg5 64. Ke5 Kxh5 65. Kf6 Kh6 66.
Kxf7 {Game drawn because neither player has mating material} 1/2-1/2